000 00342nam a22001337a 4500
003 PILC
005 20150826111824.0
008 150826b xxu||||| |||| 00| 0 eng d
050 _aDS 118
_b.So725
100 _aSousse, Ahmad.
245 _aThe arabs and jews in history /
_cAhmad Sousse.
300 _a123 pages ;
_c20 cm.
942 _2lcc
_cBK
999 _c288503
_d288503